La madre soltera frente a la sociedad / (Registro nro. 9345)
[ vista simple ]
| 000 -LEADER | |
|---|---|
| fixed length control field | 00734nam a22002417a 4500 |
| 001 - CONTROL NUMBER | |
| control field | 240032 |
| 003 - CONTROL NUMBER IDENTIFIER | |
| control field | DO-SdBNP |
| 005 - DATE AND TIME OF LATEST TRANSACTION | |
| control field | 20180201140740.0 |
| 007 - PHYSICAL DESCRIPTION FIXED FIELD--GENERAL INFORMATION | |
| fixed length control field | 240032 |
| 008 - FIXED-LENGTH DATA ELEMENTS--GENERAL INFORMATION | |
| fixed length control field | 160321b 1974 ag ||||| |||| 00| 0 spa d |
| 040 ## - CATALOGING SOURCE | |
| Original cataloging agency | BPMSU |
| Language of cataloging | spa |
| Transcribing agency | BPMSU |
| 041 17 - LANGUAGE CODE | |
| Language code of text/sound track or separate title | spa |
| Language code of original | eng |
| 100 1# - MAIN ENTRY--PERSONAL NAME | |
| Personal name | Bernstein, Rose |
| 240 10 - UNIFORM TITLE | |
| Uniform title | <a href="Helping unmarried mothers.">Helping unmarried mothers.</a> |
| Language of a work | Español |
| 245 10 - TITLE STATEMENT | |
| Title | La madre soltera frente a la sociedad / |
| Statement of responsibility, etc. | Rose Burnstein ; traducción María Luisa Martínez Alinari |
| 250 ## - EDITION STATEMENT | |
| Edition statement | 1a ed. en castellano. |
| 260 ## - PUBLICATION, DISTRIBUTION, ETC. (IMPRINT) | |
| Place of publication, distribution, etc. | Argentina : |
| Name of publisher, distributor, etc. | Ediciones Marymar, |
| Date of publication, distribution, etc. | 1974. |
| 300 ## - PHYSICAL DESCRIPTION | |
| Extent | 171 p. ; |
| Dimensions | 23 cm. |
| 700 12 - ADDED ENTRY--PERSONAL NAME | |
| Personal name | Martínez Alinari, María Luisa, |
| Relator term | tr. |
| 942 ## - ADDED ENTRY ELEMENTS (KOHA) | |
| Source of classification or shelving scheme | Dewey Decimal Classification |
| Koha item type | Libros |
| 945 ## - LOCAL PROCESSING INFORMATION (OCLC) | |
| a | Inventariado, 2018 /LP |
| 956 ## - LOCAL ELECTRONIC LOCATION AND ACCESS (OCLC) | |
| Host name | LOPEREZ |
| Access number | 10 |
| Withdrawn status | Lost status | Source of classification or shelving scheme | Damaged status | Not for loan | Collection code | Home library | Current library | Date acquired | Source of acquisition | Total Checkouts | Barcode | Date last seen | Price effective from | Koha item type |
|---|---|---|---|---|---|---|---|---|---|---|---|---|---|---|
| Dewey Decimal Classification | Colección General | Biblioteca Pública Metropolitana Salomé Ureña | Biblioteca Pública Metropolitana Salomé Ureña | 03/21/2016 | Donado por FUNDI | BPMSU16030245 | 03/21/2016 | 03/21/2016 | Libros |